000
00153nam a22000857a 4500
001
1254910
005
20251129105712.0
245
_a
AAA
_c
AAA
260
_b
AAA
999
_c
1254910
_d
1254910